|
|
|
|
| LEADER |
00000nab a2200000 ar4500 |
| 001 |
vtls009966071 |
| 003 |
SK-MaSNL |
| 005 |
20260318121431.0 |
| 008 |
091103c2009 xo |||||||| 000 b|hun |
| 015 |
|
|
|a SNBRB2009/11
|2 snkbucl
|
| 038 |
|
|
|a SNKBUCL
|
| 040 |
|
|
|a DSZK
|b slo
|c DSZK
|e AACR2
|
| 041 |
0 |
|
|a hun
|
| 044 |
|
|
|a xo
|c SK
|
| 080 |
|
|
|a 06.068Nobel:54
|2 2001
|
| 245 |
0 |
0 |
|a Kémiai Nobel-díj a sejtek fehérjegyáraiért
|c (összeállította: -lt-)
|
| 300 |
|
|
|b Fotogr.
|
| 600 |
1 |
7 |
|a Ramakrishnan, Venki,
|d 1952-
|2 snkbucl
|9 256885
|
| 600 |
1 |
7 |
|a Steitz, Thomas A.,
|d 1940-
|2 snkbucl
|9 1576231
|
| 600 |
1 |
7 |
|a Yinath, Ada E.,
|d 1939-
|2 snkbucl
|9 1576232
|
| 650 |
0 |
7 |
|a Nobelova cena za chémiu
|2 snkbucl
|9 29346
|
| 650 |
0 |
7 |
|a ribozómy
|2 snkbucl
|9 20217
|
| 773 |
0 |
|
|t Szabad újság
|g Évf. XVII, sz. 43 (2009), o. 32
|x 1335-6631
|
| 852 |
|
|
|a SNK
|b KIS3GCP
|
| 852 |
|
|
|a DSZK
|b KIS3GCP
|
| 958 |
|
|
|a HU
|
| 958 |
|
|
|a SK
|
| 999 |
|
|
|c 3217639
|d 3219569
|